00341nam a2200121Ia 450000500170000000800410001708200130005810000110007124500320008226000400011430000130015450000520016720250424033911.0240331s9999 xx 000 0 und d bRUMa297 aRumi,N 0aIslam :boee eliya arimugam aChennaibKizhakku Pathippagamc2004 a510 p ., aA Book About Islamic Religious Things And Brief